Quiz About Juice - Statistics

General Stats
  • This quiz has been taken 14 times
  • The average score is 5 of 11
Answer Stats
Hint Answer % Correct
What is the most popular kind of juice in the United States Orange Juice
80%
Film starring Tupac Shakur Juice
70%
'Lucid Dreams' rapper Juice Wrld
70%
How much of a percentage of fruit does juice need to be to qualify as fruit juice? 100%
60%
What does grape juice become after fermantation with alcohol? Wine
60%
Football player and Naked Gun Star, nicknamed "The Juice" OJ Simpson
50%
A screwdriver is a cocktail consisting of orange juice and... Vodka
40%
Three 6 Mafia Member, featured rapper of Katy Perry's 'Dark Horse' Juicy J
30%
Only other product allowed in juice. Sugar
30%
Actor who played Juice in Sons of Anarchy Theo Rossi
20%
What is juice called if thinned with water? Nectar
10%
No matching quizzes found
Score Distribution
Percent of People with Each Score
Percentile by Number Answered
Your Score History
You have not taken this quiz